Guess 50 portuguese footballers by image - Statistics

General Stats
  • This quiz has been taken 214 times
  • The average score is 35 of 50
Answer Stats
Picture Answer % Correct
Cristiano Ronaldo
98%
Nani
98%
Pepe
98%
Deco
95%
João Felix
95%
Luis Figo
95%
Bruno Fernandes
94%
Eusébio
94%
Ruben Dias
94%
Bernardo Silva
93%
Diogo Jota
92%
Rafael Leao
91%
Diogo Dalot
90%
Ricardo Quaresma
90%
Rui Patricio
87%
Fabio Coentrão
86%
Nelson Semedo
85%
João Mario
84%
Renato Sanches
84%
Ruben Neves
84%
Ricardo Carvalho
82%
Rui Costa
82%
Danilo Pereira
81%
Nuno Mendes
80%
João Moutinho
79%
Raphaël Guerreiro
79%
André Silva
77%
José Fonte
73%
William Carvalho
71%
Mário Rui
70%
Anthony Lopes
67%
Ricardo Pereira
65%
Bruno Alves
59%
Cedric Soares
59%
Raul Meireles
59%
Goncalo Guedes
56%
Vítor Baía
50%
Pauleta
49%
Rafa Silva
49%
Tiago
49%
Paulo Futre
44%
Éder
42%
Maniche
39%
Nuno Gomes
38%
Simao
36%
Miguel Veloso
33%
Sergio Conceição
30%
Paulo Sousa
23%
Mario Coluna
17%
Fernando Gomes
12%
No matching quizzes found
Score Distribution
Percent of People with Each Score
Percentile by Number Answered
Your Score History
You have not taken this quiz